000 00541nam a22002057a 4500
003 OSt
005 20160801125528.0
008 160801b xxu||||| |||| 00| 0 eng d
020 _a0132280272
040 _cDDC.
082 _a005.4SOB 2007.
100 _aSobell,G.Mark;
_910535
245 _aA Practicle Guide to Red Hat Linux.
250 _a3rd ed.
260 _aNew jersey.
_bPrentice Hall.
_c2007.
300 _axlvi,1115p;
_bill;
_c24cm.
504 _aGlossary and Index.
650 _aoperating system.
_95594
942 _2ddc
_cO_SHELF
999 _c4900
_d4900